<?xml version="1.0" encoding="UTF-8"?>
<record
    xmlns:xsi="http://www.w3.org/2001/XMLSchema-instance"
    xsi:schemaLocation="http://www.loc.gov/MARC21/slim http://www.loc.gov/standards/marcxml/schema/MARC21slim.xsd"
    xmlns="http://www.loc.gov/MARC21/slim">

  <leader>01297nam a22001697a 4500</leader>
  <datafield tag="952" ind1=" " ind2=" ">
    <subfield code="0">0</subfield>
    <subfield code="1">0</subfield>
    <subfield code="2">lcc</subfield>
    <subfield code="4">0</subfield>
    <subfield code="7">0</subfield>
    <subfield code="a">08</subfield>
    <subfield code="b">08</subfield>
    <subfield code="d">2019-07-09</subfield>
    <subfield code="l">1</subfield>
    <subfield code="o">HG173.8 M791</subfield>
    <subfield code="p">08 004960</subfield>
    <subfield code="r">2016-09-22</subfield>
    <subfield code="s">2016-09-22</subfield>
    <subfield code="t">1</subfield>
    <subfield code="w">2014-03-27</subfield>
    <subfield code="y">LB</subfield>
  </datafield>
  <datafield tag="999" ind1=" " ind2=" ">
    <subfield code="c">92237</subfield>
    <subfield code="d">92237</subfield>
  </datafield>
  <controlfield tag="008">140327s2009    mx ||||| |||| 00| 0 spa d</controlfield>
  <datafield tag="020" ind1=" " ind2=" ">
    <subfield code="a">9786074380071</subfield>
  </datafield>
  <datafield tag="050" ind1="0" ind2="4">
    <subfield code="a">HG173.8</subfield>
    <subfield code="b">M791 2009</subfield>
  </datafield>
  <datafield tag="100" ind1="1" ind2="0">
    <subfield code="a">Montiel Campos, H&#xE9;ctor</subfield>
    <subfield code="e">autor</subfield>
  </datafield>
  <datafield tag="245" ind1="1" ind2="3">
    <subfield code="a">De la idea del negocio a la alerta empresarial</subfield>
    <subfield code="b">: precursores del plan de negocios</subfield>
    <subfield code="c"> / H&#xE9;ctor Montiel Campos</subfield>
  </datafield>
  <datafield tag="260" ind1=" " ind2=" ">
    <subfield code="a">M&#xE9;xico </subfield>
    <subfield code="b"> : Patria</subfield>
    <subfield code="c"> , 2009</subfield>
  </datafield>
  <datafield tag="300" ind1=" " ind2=" ">
    <subfield code="a">xvi, 152 p&#xE1;ginas</subfield>
  </datafield>
  <datafield tag="505" ind1=" " ind2=" ">
    <subfield code="a">El paradigma de la globalizaci&#xF3;n
La creaci&#xF3;n y desarrollo de empresas como campo de investigaci&#xF3;n
La fase de percepci&#xF3;n
El empresario
Proceso empresaria
Ventana de oportunidad
El efecto de las tecnolog&#xED;as de la informaci&#xF3;n y comunicaci&#xF3;n (TIC) en los negocios
Pol&#xED;tica industrial
Responsabilidad social de las empresas
La empresa familiar
Pensamiento estrat&#xE9;gico
Innovaci&#xF3;n tecnol&#xF3;gica
Ventaja competitiva
El riesgo en los negocios
El capital intelectual y los negocios
La creaci&#xF3;n de empresas
Creaci&#xF3;n de empresas de base tecnol&#xF3;gica y desarrollo territorial
Hacia un modelo del proceso de desarrollo y explotaci&#xF3;n de la oportunidad tecnol&#xF3;gica por medio de la creaci&#xF3;n de una empresa</subfield>
  </datafield>
  <datafield tag="519" ind1=" " ind2=" ">
    <subfield code="a">Educaci&#xF3;n Mixta /</subfield>
    <subfield code="b">Administraci&#xF3;n /</subfield>
    <subfield code="c">Emprendedores (M06-2) /</subfield>
    <subfield code="d">(08 004960)</subfield>
  </datafield>
  <datafield tag="650" ind1="1" ind2="0">
    <subfield code="a">EMPRENDEDORES</subfield>
    <subfield code="x">FORMACI&#xD3;N</subfield>
  </datafield>
  <datafield tag="942" ind1=" " ind2=" ">
    <subfield code="c">LB</subfield>
  </datafield>
</record>
